Small Countries - Statistics

General Stats
  • This quiz has been taken 13 times
  • The average score is 24 of 99
Answer Stats
Answer % Correct
Vatican City
82%
Andorra
55%
Liechtenstein
55%
Luxemburg
55%
Palau
55%
Albania
45%
Dominica
45%
Haiti
45%
Kosovo
45%
Laos
45%
Lesotho
45%
Trinidad and Tobago
45%
United Arab Emirates
45%
Bahrain
36%
Belize
36%
Benin
36%
Brunei
36%
Djibouti
36%
Dominican Republic
36%
Fiji
36%
Jamaica
36%
Jordan
36%
Kiribati
36%
North Macedonia
36%
Saint Kitts and Nevis
36%
Saint Lucia
36%
Singapore
36%
Taiwan
36%
The Bahamas
36%
Tonga
36%
Austria
27%
Barbados
27%
Bosnia and Herzegovina
27%
Costa Rica
27%
Israel
27%
Kuwait
27%
Maldives
27%
Montenegro
27%
Qatar
27%
Sao Tome and Principe
27%
Seychelles
27%
Switzerland
27%
Togo
27%
Vanuatu
27%
Armenia
18%
Bangladesh
18%
Belgium
18%
Cabo Verde
18%
Cambodia
18%
Croatia
18%
Cyprus
18%
El Salvador
18%
Eritrea
18%
Estonia
18%
Gambia
18%
Ghana
18%
Guatemala
18%
Guinea
18%
Guinea-Bissau
18%
Latvia
18%
Lebanon
18%
Lithuania
18%
Malawi
18%
Marshall Islands
18%
Moldova
18%
Nicaragua
18%
North Korea
18%
Rwanda
18%
Slovakia
18%
Slovenia
18%
South Korea
18%
Sri Lanka
18%
Uruguay
18%
Angola and Barbuda
9%
Azerbaijan
9%
Czechia Republic
9%
Denmark
9%
Equatorial Guinea
9%
Eswandi
9%
Gabon
9%
Hungary
9%
Ireland
9%
Kyrgyzstan
9%
Mauritania
9%
Nalta
9%
New Zealand
9%
Palestinian
9%
Portugal
9%
Puerto Rico
9%
Siberia
9%
Syria
9%
Tajikistan
9%
Uganda
9%
Uzbekistan
9%
Federal States of Micronesia
0%
Georgia
0%
Netherlands
0%
Saint Vincent And The Grendines
0%
Zimbinique
0%
No matching quizzes found
Score Distribution
Percent of People with Each Score
Percentile by Number Answered
Your Score History
You have not taken this quiz